| 000 | 00381nas a22001577a 4500 | ||
|---|---|---|---|
| 001 | T027600010269-00 | ||
| 008 | 190830b xxu||||| |||| 00| 0 esp | | ||
| 040 |
_aFEVP _cFEVP |
||
| 245 | _aRevista de Planeación y Desarrollo. | ||
| 260 | _c1989 | ||
| 300 | _a326 p. | ||
| 650 | _aHábitos Alimenticios | ||
| 650 | _aCocina--Historia | ||
| 650 | _aAlimentos--Historia | ||
| 942 | _cREV | ||
| 999 |
_c12986 _d12986 |
||